[Event "BCF-ch Major 92nd"]
[Site "Douglas"]
[Date "2005.08.03"]
[Round "3"]
[White "Jain, Akshay Kumar"]
[Black "Wynarczyk, Raymond"]
[Result "1/2-1/2"]
[WhiteElo "1560"]
[BlackElo "1832"]
[PlyCount "37"]
[EventDate "2005.08.01"]
[EventType "swiss"]
[EventRounds "11"]
[EventCountry "ENG"]
[SourceTitle "EXT 2006"]
[Source "ChessBase"]
[SourceDate "2005.11.24"]
[SourceVersion "1"]
[SourceVersionDate "2005.11.24"]
[SourceQuality "1"]

1. e4 c5 2. Nf3 d6 3. Bb5+ Bd7 4. Bxd7+ Qxd7 5. c4 Nc6 6. d4 cxd4 7. Nxd4 Nf6 8. Nc3 e6 9. 0-0 Be7 10. b3 0-0 11. Be3 Rac8 12. Rc1 Rfd8 13. Qe2 a6 14. Rfd1 Nxd4 15. Bxd4 Qc6 16. f3 Nd7 17. Qd2 Nf6 18. Be3 h6 19. Kh1 1/2-1/2